Pharmaceutical Analysis (Record no. 8382)
[ view plain ]
| 000 -LEADER | |
|---|---|
| fixed length control field | 00415nam a2200157Ia 4500 |
| 008 - FIXED-LENGTH DATA ELEMENTS--GENERAL INFORMATION | |
| fixed length control field | 191201s2018 xx 000 0 und d |
| 082 ## - DEWEY DECIMAL CLASSIFICATION NUMBER | |
| Classification number | 615.1901 KAP |
| 100 ## - MAIN ENTRY--PERSONAL NAME | |
| Personal name | Kasture, A.V |
| 245 #0 - TITLE STATEMENT | |
| Title | Pharmaceutical Analysis |
| 250 ## - EDITION STATEMENT | |
| Edition statement | 16th |
| 260 ## - PUBLICATION, DISTRIBUTION, ETC. (IMPRINT) | |
| Name of publisher, distributor, etc | Nirali Prakashan |
| Place of publication, distribution, etc | New Delhi |
| Date of publication, distribution, etc | 2018 |
| 300 ## - PHYSICAL DESCRIPTION | |
| Extent | 21.6 |
| 650 ## - SUBJECT ADDED ENTRY--TOPICAL TERM | |
| Topical term or geographic name as entry element | Pharmaceutical Analysis & Quality Assurance |
| 700 ## - ADDED ENTRY--PERSONAL NAME | |
| Personal name | Mahadik & Wadodar |
| 942 ## - ADDED ENTRY ELEMENTS (KOHA) | |
| Source of classification or shelving scheme | Dewey Decimal Classification |
| Koha item type | Text Books |
| Withdrawn status | Lost status | Source of classification or shelving scheme | Damaged status | Not for loan | Collection code | Home library | Current library | Date acquired | Source of acquisition | Cost, normal purchase price | Bill Number | Total Checkouts | Full call number | Acc. no. / Barcode | Date last seen | Date last borrowed | Actual Cost, discounted price | Bill Date | Koha item type |
|---|---|---|---|---|---|---|---|---|---|---|---|---|---|---|---|---|---|---|---|
| Dewey Decimal Classification | Diploma in Pharmacy | PIET C-LIBRARY | PIET C-LIBRARY | 26/03/2019 | Kirti Prakashan | 240.00 | IN 3253 | 2 | 615.1901 KAP | DP697 | 10/03/2022 | 23/02/2022 | 177.60 | 18/03/2019 | Reference Books | ||||
| Dewey Decimal Classification | Diploma in Pharmacy | PIET C-LIBRARY | PIET C-LIBRARY | 26/03/2019 | Kirti Prakashan | 240.00 | IN 3253 | 3 | 615.1901 KAP | DP698 | 11/04/2023 | 28/03/2023 | 177.60 | 18/03/2019 | Text Books | ||||
| Dewey Decimal Classification | Diploma in Pharmacy | PIET C-LIBRARY | PIET C-LIBRARY | 26/03/2019 | Kirti Prakashan | 240.00 | IN 3253 | 6 | 615.1901 KAP | DP699 | 26/03/2024 | 14/03/2024 | 177.60 | 18/03/2019 | Text Books |